Statistics for Fish Knowledge

Click here to take the quiz!

General Stats

  • This quiz has been taken 16 times
  • The average score is 9 of 15

Answer Stats

HintAnswer% Correct
What Is the Most Popular Film uses a Big Shark as it’s Main antagonist?Jaws
100%
What Place is basically a Zoo but more Fish?Aquarium
93%
What Animal is a Mammal but should really be a fish?Whale
87%
What Quiz website uses a Fish as it’s Mascot?Jetpunk
80%
What Fish is popular for having a Light on its head?Anglerfish
73%
What Organ do only Fish have on them?Gills
73%
What fish is Famous for having tentacles?Octopus
73%
What Fish is Famous for having a Sharp Stick on it’s Front?Swordfish
73%
What Extinct Fish is Famous for being a very large Fish.Megalodon
67%
What is fish in Spanish?Pez
40%
What Fish Pokemon that is known for being Useless?Magikarp
33%
What common Mario Enemy is a fish?Cheep Cheep
27%
What British Fish Food is Rectangular-like And commonly eaten with Chips (Fries) And Beans?Fingers
27%
How many Fish Spieces are there?30,000
13%
How long have fish been on this Planet?450 Million years
0%

Score Distribution

Percentile by Number Answered

Percent of People with Each Score

Your Score History

You have not taken this quiz